000 00400nam a2200145 i 4500
001 bg
100 1 _aNIEĆ, Halina
245 0 _aZałożenia polskiej koncepcji prawnej ochrony dziedzictwa architektonicznego /
_cH. Nieć, W. Kowalski.
260 _aKraków,
_c1986.
700 1 _aKOWALSKI, Wwojciech
040 _cBPK
041 _apol
942 _cKS
008 s pl f |000 0 pol
999 _c23471
_d23471
856 _uhttp://koha.tu.koszalin.pl/cgi-bin/koha/opac-detail.pl?biblionumber=23471
_yKatalog online BPK